| 000 | 01953cam a22004458i 4500 | ||
|---|---|---|---|
| 001 | vtls003250707 | ||
| 003 | MY-SjTCS | ||
| 005 | 20200508124813.0 | ||
| 006 | m o d | ||
| 007 | cr ||| | ||
| 008 | 160405s2012 cau ob 001 0 eng | ||
| 020 | _a9781118223673 (ebk.) | ||
| 020 | _a1118223675 (ebk.) | ||
| 020 | _a9781118237045 (ebk.) | ||
| 020 | _a1118237048 (ebk.) | ||
| 020 | _z9781118262009 | ||
| 020 | _z111826200X | ||
| 020 | _z9781118099209 | ||
| 035 | _a(OCoLC)794306438 | ||
| 035 | _a(OCoLC)ocn794306438 | ||
| 039 | 9 |
_a201604051608 _bshuhada _c201604051553 _dshuhada _c201311010933 _dshuhada _c201311010930 _dshuhada _y201302041134 _zshuhada |
|
| 082 | 0 | 0 |
_a378/.01 _223 |
| 100 | 1 |
_aCockell, Jeanie, _d1950- |
|
| 245 | 1 | 0 |
_aAppreciative inquiry in higher education : _ba transformative force / _cJeanie Cockell, Joan McArthur-Blair. |
| 250 | _aFirst edition. | ||
| 260 |
_aSan Francisco : _bJossey-Bass, A Wiley Imprint _c[2012] |
||
| 300 | _a1 online resource. | ||
| 336 |
_atext _2rdacontent |
||
| 337 |
_acomputer _2rdamedia |
||
| 338 |
_aonline resource _2rdacarrier |
||
| 490 | 0 | _aThe Jossey-Bass higher and adult education series | |
| 504 | _aIncludes bibliographical references and index. | ||
| 588 | _aDescription based on print version record and CIP data provided by publisher; resource not viewed. | ||
| 650 | 0 |
_aEducation, Higher _xAims and objectives. _98734 |
|
| 650 | 0 |
_aAppreciative inquiry. _950324 |
|
| 655 | 4 | _aElectronic books. | |
| 700 | 1 |
_aMcArthur-Blair, Joan, _d1954- |
|
| 776 | 0 | 8 |
_iPrint version: _aCockell, Jeanie, 1950- _tAppreciative inquiry in higher education _bFirst edition. _dSan Francisco : Jossey-Bass, a Wiley imprint [2012] _z9781118099209 _w(DLC) 2012016817 |
| 856 | 4 | 0 |
_uhttps://ezproxy.taylors.edu.my/login?url=http://search.ebscohost.com/login.aspx?direct=true&scope=site&db=nlebk&db=nlabk&AN=467052 _zAn electronic book accessible through the World Wide Web; click to view |
| 999 | _c154083 | ||